| Tag |
First Indicator |
Second Indicator |
Subfields |
| LEADER |
00000pam a2200000 a 4500 |
| 001 |
in00000049972 |
| 005 |
20151007075931.0 |
| 008 |
790703s1980 nyua 00110 engm |
| 010 |
|
|
|a 79009422
|
| 019 |
|
|
|a 6071515
|
| 020 |
|
|
|a 0030465265
|
| 035 |
|
|
|a (OCoLC)05196936
|
| 035 |
|
|
|9 AAF4019AM
|
| 040 |
|
|
|a DLC
|c DLC
|d m.c.
|d TXA
|d UtOrBLW
|
| 049 |
|
|
|a [Curr Col] TXAM
|c [933493]
|
| 050 |
0 |
0 |
|a GV709
|b S5
|
| 082 |
0 |
|
|a 796/.0194
|
| 100 |
1 |
|
|a Siegel, Alice.
|
| 245 |
1 |
0 |
|a It's a girl's game too /
|c by Alice Siegel & Margo McLoone ; designed & illustrated by Lisa Campbell Ernst.
|
| 264 |
|
1 |
|a New York :
|b Holt, Rinehart and Winston,
|c [1980]
|
| 264 |
|
4 |
|c ©1980
|
| 300 |
|
|
|a 128 pages :
|b illustrations ;
|c 24 cm.
|
| 336 |
|
|
|a text
|b txt
|2 rdacontent
|
| 337 |
|
|
|a unmediated
|b n
|2 rdamedia
|
| 338 |
|
|
|a volume
|b nc
|2 rdacarrier
|
| 500 |
|
|
|a Includes index.
|
| 650 |
|
0 |
|a Sports for women.
|
| 700 |
1 |
|
|a McLoone, Margo.
|
| 700 |
1 |
|
|a Ernst, Lisa Campbell.
|
| 999 |
|
|
|a MARS
|
| 999 |
f |
f |
|s 3f36d044-baee-39bc-84df-0e7a52b43c5c
|i 22232b5d-73ce-33e1-a95c-7b98c978e636
|t 0
|
| 952 |
f |
f |
|p normal
|a Texas A&M University
|b College Station
|c Sterling C. Evans Library
|d Evans: Curriculum Collection (4th floor)
|t 0
|e GV709 S5
|h Library of Congress classification
|i unmediated -- volume
|m A14805938962
|
| 998 |
f |
f |
|a GV709 S5
|t 0
|l Evans: Curriculum Collection (4th floor)
|